000 01051nam a2200217 a 4500
008 100924s1991 ||||||||||||||||| || u
050 _aCOMM(02)
100 _aRowbotham, Graham
245 1 0 _aCommonwealth Higher Education Support Scheme: directory of available resources from donor agencies for books, journals and library development
260 _aLondon:
_bCommonwealth Secretariat
_c1991
300 _avi, 100p.: ill.
350 _a0.00
490 _aCHESS
650 _aINFORMATION
650 _aINFORMATION SERVICES--MANAGEMENT--BIBLIOGRAPHY
650 _aINFORMATION SOURCES--FOOD
650 _aCOMMONWEALTH UNIVERSITIES--INFORMATION SERVICES--DIRECTORIES
710 _aCommonwealth Secretariat
995 _aSPECIAL COLLECTIONS
_D0.00
_e03007147
_FCBU-MAIN LIBRARY (Kitwe)
_H1
_I0.00
_jCOMM(02)1991/2B
_M2
_UAVAILABLE
_WSep 24, 2010
_yZ03007147
_ZInternational Publications
995 _aSPECIAL COLLECTIONS
_D0.00
_e03007146
_FCBU-MAIN LIBRARY (Kitwe)
_H1
_I0.00
_jCOMM(02)1991/2A
_M1
_UAVAILABLE
_WSep 24, 2010
_yZ03007146
_ZInternational Publications
999 _c79518
_d79518